<?xml version="1.0" encoding="UTF-8"?>
<record
    xmlns:xsi="http://www.w3.org/2001/XMLSchema-instance"
    xsi:schemaLocation="http://www.loc.gov/MARC21/slim http://www.loc.gov/standards/marcxml/schema/MARC21slim.xsd"
    xmlns="http://www.loc.gov/MARC21/slim">

  <leader>01661nam a2200325 i 4500</leader>
  <controlfield tag="003">EG-GICUC</controlfield>
  <controlfield tag="005">20260402191745.0</controlfield>
  <controlfield tag="008">260402s1979    -ru||||fr|||| 00| 0 rus d</controlfield>
  <datafield tag="040" ind1=" " ind2=" ">
    <subfield code="a">EG-GiCUC</subfield>
    <subfield code="b">rus</subfield>
    <subfield code="c">EG-GiCUC</subfield>
    <subfield code="d">EG-GiCUC</subfield>
    <subfield code="e">rda</subfield>
  </datafield>
  <datafield tag="041" ind1=" " ind2=" ">
    <subfield code="a">rus</subfield>
  </datafield>
  <datafield tag="082" ind1="0" ind2="4">
    <subfield code="2">21</subfield>
    <subfield code="a">343.41</subfield>
    <subfield code="b">ME . B</subfield>
  </datafield>
  <datafield tag="092" ind1="0" ind2="4">
    <subfield code="2">21</subfield>
  </datafield>
  <datafield tag="099" ind1=" " ind2=" ">
    <subfield code="a">Law1 10 343.41 ME . B 1979</subfield>
  </datafield>
  <datafield tag="111" ind1="2" ind2=" ">
    <subfield code="a">&#x41C;&#x415;&#x416;&#x414;&#x423;&#x41D;&#x410;&#x420;&#x41E;&#x414;&#x41D;&#x410;&#x42F; &#x41A;&#x41E;&#x41D;&#x424;&#x415;&#x420;&#x415;&#x41D;&#x426;&#x418;&#x42F; &#x41A;&#x420;&#x423;&#x413;&#x41B;&#x41E;&#x412;&#x41E; &#x421;&#x422;&#x41E;&#x41B;&#x410; &#x421;&#x415;&#x413;&#x415;&#x414;,</subfield>
    <subfield code="d">2-6 &#x43E;&#x43A;&#x442;&#x44F;&#x431;&#x440;&#x44F; 1978 &#x433;.</subfield>
    <subfield code="e">Author.</subfield>
  </datafield>
  <datafield tag="245" ind1="1" ind2="0">
    <subfield code="a">&#x412;&#x415;&#x41D;&#x413;&#x415;&#x420;&#x421;&#x41A;&#x410;&#x42F; &#x41D;&#x410;&#x426;&#x418;&#x41E;&#x41D;&#x410;&#x41B;&#x42C;&#x41D;&#x410;&#x42F; &#x413;&#x420;&#x423;&#x41F;&#x41F;&#x410; &#x41C;&#x415;&#x416;&#x414;&#x423;&#x41D;&#x410;&#x420;&#x41E;&#x414;&#x41D;&#x41E;&#x419; &#x410;&#x421;&#x421;&#x41E;&#x426;&#x418;&#x410;&#x426;&#x418;&#x418; &#x423;&#x413;&#x41E;&#x41B;&#x41E;&#x412;&#x41D;&#x41E;&#x413;&#x41E; &#x41F;&#x420;&#x410;&#x412;&#x410; :</subfield>
    <subfield code="b">&#x41F;&#x420;&#x415;&#x421;&#x422;&#x423;&#x41F;&#x41B;&#x415;&#x41D;&#x418;&#x42F;, &#x421;&#x41E;&#x412;&#x415;&#x420;&#x428;&#x415;&#x41D;&#x41D;&#x42B;&#x415; &#x412; &#x425;&#x41E;&#x414;&#x415; &#x425;&#x41E;&#x417;&#x42F;&#x419;&#x421;&#x422;&#x412;&#x415;&#x41D;&#x41D;&#x41E;&#x419; &#x414;&#x415;&#x42F;&#x422;&#x415;&#x41B;&#x42C;&#x41D;&#x41E;&#x421;&#x422;&#x418;,LA CRIMINALIT&#xC9; D'AFFAIRES , ECONOMIC CRIME /</subfield>
    <subfield code="c">&#x41C;&#x415;&#x416;&#x414;&#x423;&#x41D;&#x410;&#x420;&#x41E;&#x414;&#x41D;&#x410;&#x42F; &#x41A;&#x41E;&#x41D;&#x424;&#x415;&#x420;&#x415;&#x41D;&#x426;&#x418;&#x42F; &#x41A;&#x420;&#x423;&#x413;&#x41B;&#x41E;&#x412;&#x41E; &#x421;&#x422;&#x41E;&#x41B;&#x410; &#x421;&#x415;&#x413;&#x415;&#x414;,2-6 &#x43E;&#x43A;&#x442;&#x44F;&#x431;&#x440;&#x44F; 1978 &#x433;.</subfield>
  </datafield>
  <datafield tag="264" ind1=" " ind2="1">
    <subfield code="a">Russia :</subfield>
    <subfield code="b">&#x411;&#x423;&#x414;&#x410;&#x41F;&#x415;&#x428;&#x422;,</subfield>
    <subfield code="c">1979.</subfield>
  </datafield>
  <datafield tag="300" ind1=" " ind2=" ">
    <subfield code="a">436 pages ;</subfield>
    <subfield code="c">24 cm.</subfield>
  </datafield>
  <datafield tag="336" ind1=" " ind2=" ">
    <subfield code="2">rda content</subfield>
    <subfield code="a">text</subfield>
  </datafield>
  <datafield tag="337" ind1=" " ind2=" ">
    <subfield code="2">rda media</subfield>
    <subfield code="a">Computer</subfield>
  </datafield>
  <datafield tag="338" ind1=" " ind2=" ">
    <subfield code="2">rda carrier</subfield>
    <subfield code="a">Online Resource</subfield>
  </datafield>
  <datafield tag="546" ind1=" " ind2=" ">
    <subfield code="a">Multilingual</subfield>
    <subfield code="b">text in Russian</subfield>
  </datafield>
  <datafield tag="650" ind1="1" ind2=" ">
    <subfield code="a">&#x423;&#x433;&#x43E;&#x43B;&#x43E;&#x432;&#x43D;&#x43E;&#x435; &#x43F;&#x440;&#x430;&#x432;&#x43E;</subfield>
  </datafield>
  <datafield tag="650" ind1="1" ind2=" ">
    <subfield code="a">&#x421;&#x43F;&#x435;&#x446;&#x438;&#x430;&#x43B;&#x44C;&#x43D;&#x43E;&#x435; &#x443;&#x433;&#x43E;&#x43B;&#x43E;&#x432;&#x43D;&#x43E;&#x435; &#x437;&#x430;&#x43A;&#x43E;&#x43D;&#x43E;&#x434;&#x430;&#x442;&#x435;&#x43B;&#x44C;&#x441;&#x442;&#x432;&#x43E;</subfield>
  </datafield>
  <datafield tag="650" ind1="1" ind2=" ">
    <subfield code="a">CRIMINALIT&#xC9; </subfield>
  </datafield>
  <datafield tag="650" ind1="1" ind2=" ">
    <subfield code="a">&#x627;&#x644;&#x62A;&#x634;&#x631;&#x64A;&#x639;&#x627;&#x62A; &#x630;&#x627;&#x62A; &#x627;&#x644;&#x637;&#x628;&#x64A;&#x639;&#x629; &#x627;&#x644;&#x645;&#x627;&#x644;&#x64A;&#x629; &#x648;&#x627;&#x644;&#x625;&#x642;&#x62A;&#x635;&#x627;&#x62F;&#x64A;&#x629;</subfield>
  </datafield>
  <datafield tag="650" ind1="1" ind2=" ">
    <subfield code="a">&#x417;&#x430;&#x43A;&#x43E;&#x43D;&#x43E;&#x434;&#x430;&#x442;&#x435;&#x43B;&#x44C;&#x441;&#x442;&#x432;&#x43E; &#x444;&#x438;&#x43D;&#x430;&#x43D;&#x441;&#x43E;&#x432;&#x43E;&#x433;&#x43E; &#x438; &#x44D;&#x43A;&#x43E;&#x43D;&#x43E;&#x43C;&#x438;&#x447;&#x435;&#x441;&#x43A;&#x43E;&#x433;&#x43E; &#x445;&#x430;&#x440;&#x430;&#x43A;&#x442;&#x435;&#x440;&#x430;</subfield>
  </datafield>
  <datafield tag="856" ind1="4" ind2="0">
    <subfield code="u">https://fll.law.cu.edu.eg/fulltext/bks/B10-08257.pdf</subfield>
  </datafield>
  <datafield tag="905" ind1=" " ind2=" ">
    <subfield code="a">43</subfield>
  </datafield>
  <datafield tag="942" ind1=" " ind2=" ">
    <subfield code="2">ddc</subfield>
    <subfield code="n">0</subfield>
    <subfield code="c">BK</subfield>
    <subfield code="e">21</subfield>
  </datafield>
  <datafield tag="999" ind1=" " ind2=" ">
    <subfield code="c">68470</subfield>
    <subfield code="d">68470</subfield>
  </datafield>
  <datafield tag="952" ind1=" " ind2=" ">
    <subfield code="0">0</subfield>
    <subfield code="1">0</subfield>
    <subfield code="2">ddc</subfield>
    <subfield code="4">0</subfield>
    <subfield code="7">1</subfield>
    <subfield code="8">&#x627;&#x644;&#x642;&#x627;&#x646;&#x648;&#x646; &#x627;&#x644;&#x62C;&#x646;&#x627;&#x626;&#x64A;</subfield>
    <subfield code="a">CU</subfield>
    <subfield code="b">LAW1</subfield>
    <subfield code="d">2026-04-02</subfield>
    <subfield code="l">0</subfield>
    <subfield code="o">Law1 10 343.41 ME . B 1979 1008257 C1</subfield>
    <subfield code="p">B10-08257</subfield>
    <subfield code="r">2026-04-02 19:18:18</subfield>
    <subfield code="t">1</subfield>
    <subfield code="w">2026-04-02</subfield>
    <subfield code="y">BK</subfield>
  </datafield>
  <datafield tag="952" ind1=" " ind2=" ">
    <subfield code="0">0</subfield>
    <subfield code="1">0</subfield>
    <subfield code="2">ddc</subfield>
    <subfield code="4">0</subfield>
    <subfield code="7">1</subfield>
    <subfield code="8">&#x627;&#x644;&#x642;&#x627;&#x646;&#x648;&#x646; &#x627;&#x644;&#x62C;&#x646;&#x627;&#x626;&#x64A;</subfield>
    <subfield code="a">CU</subfield>
    <subfield code="b">LAW1</subfield>
    <subfield code="d">2026-04-20</subfield>
    <subfield code="l">0</subfield>
    <subfield code="o">Law1 10 343.41 ME . B 1979 B1010257 C2</subfield>
    <subfield code="p">B10-10257</subfield>
    <subfield code="r">2026-04-20 19:44:53</subfield>
    <subfield code="t">2</subfield>
    <subfield code="w">2026-04-20</subfield>
    <subfield code="y">BK</subfield>
  </datafield>
</record>
